000 00785nab a2200241 u 4500
001 16620
003 HDC
007 cr bn ---aaaaa
008 210221c20091117xx dr|noo 0 a eng d
040 _aHDC
245 0 _aIran top importer of Malaysian palm oil
260 _a[No place] :
_b[publisher not identified],
_c2009
336 _atext
_2rdacontent
337 _acomputer
_2rdamedia
338 _aonline resource
_2rdacarrier
650 _aMalaysian palm oil
_zIran
_916347
650 _apalm oil export
_916348
710 _aHalal Focus
856 _zRequest full-text at [email protected]
942 _2lcc
942 _cNEWS
942 _kNWSO 005720
999 _c13936
_d13936